Ilmu & Amalan Di Alaf Baru

Bibliographic Details
Main Author: Basri Ibrahim
Format: Book
Published: Kuala Lumpur : Darul Nu'man , 2000
Subjects:

MARC

LEADER 00000cam a2200000 7i4500
001 0000013348
005 20080111.0
008 080111
020 |a 9830462552 
090 0 0 |a 297.5   |b BAS 
100 0 |a Basri Ibrahim 
245 1 0 |a Ilmu & Amalan Di Alaf Baru   |c Basri Ibrahim 
260 |a Kuala Lumpur :   |b Darul Nu'man ,   |c 2000 
650 0 |a Islamic ethics 
650 0 |a Values ( Islam ) 
999 |a 0001008266   |b Book   |c Adult Collection   |e Perbadanan Perpustakaan Awam Johor 
999 |a 0001008267   |b Book   |c Adult Collection   |e Perbadanan Perpustakaan Awam Johor 
999 |a 0001008268   |b Book   |c Adult Collection   |e Perbadanan Perpustakaan Awam Johor